Statistiques concernant Les aventuriers de Koh-Lanta : L'Île des héros

Cliquez ici pour prendre le quiz!

Statistiques générales

  • Ce quiz a été pris 142 fois
  • Le résultat moyen est 17 sur 20

Statistiques - réponses

ProfilRéponse% Correct
Éliminé(e) aux poteauxClaude
99%
FinalisteInès
97%
Éliminé(e) à l'orientationMoussa
96%
Gagnant(e)Naoil
96%
8eJessica
94%
Éliminé(e) à l'orientationAlexandra
92%
12eAhmad
91%
9eCharlotte
91%
6eRégis
90%
11eSam
90%
9eTeheiura
88%
7eÉric
87%
13ePholien
85%
16eSara
84%
14eDelphine
79%
19eJoseph
77%
17eMarie
76%
15eBenoît
70%
20eClaudia
63%
18eValérie
52%

Distribution des résultats

Percentile par nombre de réponses

% des personnes avec chaque résultat

Votre développement - résultats

Vous n’avez pas pris ce quiz